Рендеринг с использованием облачных вычислений; Информационные технологии в науке, управлении, социальной сфере и медицине; Ч. 1

Bibliographische Detailangaben
Parent link:Информационные технологии в науке, управлении, социальной сфере и медицине: сборник научных трудов III Международной научной конференции, 23-26 мая 2016 г., Томск.— , 2016
Ч. 1.— 2016.— [С. 748-749]
1. Verfasser: Султангузин М. Ф.
Körperschaft: Национальный исследовательский Томский политехнический университет (ТПУ) Институт кибернетики (ИК) Кафедра информатики и проектирования систем (ИПС)
Weitere Verfasser: Рейзлин В. И. Валерий Израилевич
Zusammenfassung:Заглавие с титульного экрана
This article includes a comparison of rendering 3D models in three different systems: a personal computer, render farm, cloud computing.
Sprache:Russisch
Veröffentlicht: 2016
Schriftenreihe:Информационные технологии в телекоммуникационных и облачных вычислениях
Schlagworte:
Online-Zugang:http://earchive.tpu.ru/handle/11683/31409
Format: MixedMaterials Elektronisch Buchkapitel
KOHA link:https://koha.lib.tpu.ru/cgi-bin/koha/opac-detail.pl?biblionumber=619603

MARC

LEADER 00000naa2a2200000 4500
001 619603
005 20231101133053.0
035 |a (RuTPU)RU\TPU\conf\18039 
035 |a RU\TPU\conf\18034 
090 |a 619603 
100 |a 20160825d2016 k y0rusy50 ca 
101 0 |a rus 
102 |a RU 
105 |a y z 101zy 
135 |a drgn ---uucaa 
181 0 |a i  
182 0 |a b 
200 1 |a Рендеринг с использованием облачных вычислений  |d Rendering with using cloud computing  |f М. Ф. Султангузин, В. И. Рейзлин 
203 |a Текст  |c электронный 
225 1 |a Информационные технологии в телекоммуникационных и облачных вычислениях 
230 |a 1 компьютерный файл (pdf; 398 Kb) 
300 |a Заглавие с титульного экрана 
320 |a [Библиогр.: с. 749 (4 назв.)] 
330 |a This article includes a comparison of rendering 3D models in three different systems: a personal computer, render farm, cloud computing. 
461 1 |0 (RuTPU)RU\TPU\conf\17281  |t Информационные технологии в науке, управлении, социальной сфере и медицине  |o сборник научных трудов III Международной научной конференции, 23-26 мая 2016 г., Томск  |o в 2 ч.  |d 2016 
463 1 |0 (RuTPU)RU\TPU\conf\17283  |t Ч. 1  |f Национальный исследовательский Томский политехнический университет (ТПУ) ; ред. кол. О. Г. Берестнева ; О. М. Гергет ; Т. А. Гладкова  |v [С. 748-749]  |d 2016 
510 1 |a Rendering with using cloud computing  |z eng 
610 1 |a труды учёных ТПУ 
610 1 |a электронный ресурс 
610 1 |a облачные вычисления 
610 1 |a визуализация 
610 1 |a 3D-моделирование 
610 1 |a информационные технологии 
610 1 |a компьютерные программы 
700 1 |a Султангузин  |b М. Ф. 
701 1 |a Рейзлин  |b В. И.  |c специалист в области автоматического управления  |c доцент Томского политехнического университета, кандидат физико-математических наук  |f 1948-  |g Валерий Израилевич  |2 stltpush  |3 (RuTPU)RU\TPU\pers\25409 
712 0 2 |a Национальный исследовательский Томский политехнический университет (ТПУ)  |b Институт кибернетики (ИК)  |b Кафедра информатики и проектирования систем (ИПС)  |h 124  |2 stltpush  |3 (RuTPU)RU\TPU\col\18697 
801 2 |a RU  |b 63413507  |c 20160912  |g RCR 
856 4 |u http://earchive.tpu.ru/handle/11683/31409 
942 |c BK